[Event "Qatar Masters Open 2023"]
[Site "Doha QAT"]
[Date "2023.10.19"]
[Round "8.24"]
[White "Ohanyan, Emin"]
[Black "Can, Emre"]
[Result "1/2-1/2"]
[WhiteTitle "IM"]
[BlackTitle "GM"]
[WhiteElo "2474"]
[BlackElo "2576"]
[WhiteFideId "13312022"]
[BlackFideId "6302181"]
[EventDate "2023.10.11"]

1. d4 Nf6 2. c4 g6 3. Nc3 Bg7 4. e4 d6 5. Be2 O-O 6. Be3 c5 7. d5 e6 8. Nf3 exd5
9. cxd5 b5 10. e5 dxe5 11. Bxc5 Re8 12. Bxb5 Nbd7 13. Be3 Ng4 14. O-O Nxe3 15.
fxe3 Rb8 16. Rc1 Rf8 17. Qe2 Nc5 18. b4 e4 19. Nd4 Bxd4 20. exd4 Nd3 21. Bxd3
exd3 22. Qxd3 Rxb4 23. a3 Rb3 24. a4 Qb6 25. Qc4 Ba6 26. Nb5 Rxb5 27. axb5 Bxb5
28. Qc5 Bxf1 29. Rxf1 Rd8 30. Rd1 Kg7 31. Kh1 Rd7 32. h3 Qb3 33. Ra1 Qxd5 34.
Qxd5 Rxd5 35. Rxa7 Rxd4 36. Ra2 h5 37. g3 h4 38. gxh4 Rxh4 39. Kg2 Kh6 40. Kg3
Kg5 41. Ra5+ f5 42. Ra3 Rd4 43. Ra5 Rd3+ 44. Kg2 Re3 45. Rb5 Kf4 46. Rb4+ Re4
47. Rb6 Kg5 48. Rb5 Kh5 49. Ra5 Re6 50. Kg3 Re8 51. Rb5 Rf8 52. Ra5 g5 53. h4
gxh4+ 54. Kf4 Rf6 55. Ra8 Rh6 56. Rg8 h3 57. Kg3 Rg6+ 58. Rxg6 Kxg6 59. Kxh3 Kg5 1/2-1/2

[Event "Qatar Masters Open 2023"]
[Site "Doha QAT"]
[Date "2023.10.19"]
[Round "8.25"]
[White "Karthik, Venkataraman"]
[Black "Shahil, Dey"]
[Result "1/2-1/2"]
[WhiteTitle "GM"]
[BlackTitle "IM"]
[WhiteElo "2563"]
[BlackElo "2357"]
[WhiteFideId "25006479"]
[BlackFideId "35062352"]
[EventDate "2023.10.11"]

1. c4 Nf6 2. Nf3 c6 3. Nc3 d5 4. d4 e6 5. Bg5 h6 6. Bh4 Be7 7. e3 O-O 8. Qc2
Nbd7 9. cxd5 Nxd5 10. Bxe7 Qxe7 11. Nxd5 cxd5 12. Bd3 e5 13. dxe5 Nxe5 14. Nxe5
Qxe5 15. O-O Be6 16. Qd2 Rfd8 17. Rad1 Bg4 18. Rc1 Be6 19. Rfd1 Bg4 20. Re1 Be6
21. Rcd1 Rac8 22. Qb4 b6 23. Qd2 Bf5 24. Bxf5 Qxf5 25. Re2 d4 26. exd4 Rc4 27.
Qe3 Rcxd4 28. Rxd4 Rxd4 29. h3 Rd1+ 30. Kh2 Kh7 31. Qb3 Rd7 32. Qc4 Qd5 33. Qc2+
Qd3 34. Qxd3+ Rxd3 35. g4 Kg6 36. Kg2 Kf6 37. Rc2 Rd7 38. Kf3 Ke5 39. Re2+ Kf6
40. h4 Rd4 41. Rc2 h5 42. Rc6+ Ke5 43. gxh5 Rxh4 44. Rc7 Rxh5 45. Rxa7 Rf5+ 46.
Ke3 Kd5 47. Rc7 g5 48. f3 1/2-1/2

[Event "Qatar Masters Open 2023"]
[Site "Doha QAT"]
[Date "2023.10.19"]
[Round "8.26"]
[White "Assaubayeva, Bibisara"]
[Black "Parligras, Mircea-Emilian"]
[Result "1/2-1/2"]
[WhiteTitle "IM"]
[BlackTitle "GM"]
[WhiteElo "2469"]
[BlackElo "2561"]
[WhiteFideId "13708694"]
[BlackFideId "1204297"]
[EventDate "2023.10.11"]

1. d4 Nf6 2. c4 e6 3. Nf3 d5 4. Nc3 Bb4 5. Qa4+ Nc6 6. e3 O-O 7. Qc2 a5 8. Bd2
Ne7 9. a3 Bxc3 10. Bxc3 b6 11. cxd5 exd5 12. Bd3 Ba6 13. Bxa6 Rxa6 14. O-O Ne4
15. Rfc1 c6 16. Be1 f6 17. b4 axb4 18. Bxb4 Nd6 19. a4 Qd7 20. e4 Nxe4 21. Bxe7
Qxe7 22. Qxc6 Rd8 23. Qb5 Qb7 24. Rc6 Ra5 25. Qxb6 Qxb6 26. Rxb6 Rda8 27. Rb4
Nc3 28. Kf1 Rxa4 29. Rbxa4 Rxa4 30. Rxa4 Nxa4 31. Ke2 1/2-1/2

[Event "Qatar Masters Open 2023"]
[Site "Doha QAT"]
[Date "2023.10.19"]
[Round "8.27"]
[White "Adhiban, Baskaran"]
[Black "Ashraf, Artin"]
[Result "1/2-1/2"]
[WhiteTitle "GM"]
[BlackTitle "FM"]
[WhiteElo "2551"]
[BlackElo "2340"]
[WhiteFideId "5018471"]
[BlackFideId "22514805"]
[EventDate "2023.10.11"]

1. e4 c5 2. Nf3 d6 3. d4 cxd4 4. Nxd4 Nf6 5. Nc3 a6 6. Be3 Ng4 7. Bg5 h6 8. Bh4
g5 9. Bg3 Bg7 10. Qd2 Nc6 11. Nb3 b5 12. O-O-O Nge5 13. Nd4 Nxd4 14. Qxd4 O-O
15. h4 Bg4 16. hxg5 Nc4 17. e5 Bxd1 18. Bxc4 dxe5 19. Qe3 Bxc2 20. gxh6 Bf6 21.
Bxf7+ Rxf7 22. Kxc2 Qd4 23. Qe4 Qxe4+ 24. Nxe4 Kh7 25. Kd3 Kg6 26. Rc1 Rff8 27.
Rc6 Rfd8+ 28. Ke3 Rdc8 29. Rb6 Rcb8 30. Rc6 Rc8 31. Rb6 Rcb8 1/2-1/2

[Event "Qatar Masters Open 2023"]
[Site "Doha QAT"]
[Date "2023.10.19"]
[Round "8.28"]
[White "Lalit Babu M R"]
[Black "Dixit, Nikhil"]
[Result "1/2-1/2"]
[WhiteTitle "GM"]
[BlackTitle "FM"]
[WhiteElo "2547"]
[BlackElo "2327"]
[WhiteFideId "5024595"]
[BlackFideId "5059534"]
[EventDate "2023.10.11"]

1. d4 Nf6 2. c4 g6 3. Nc3 Bg7 4. e4 d6 5. h3 O-O 6. Be3 Nbd7 7. g4 a6 8. g5 Ne8
9. h4 c5 10. d5 b5 11. f4 Nb6 12. cxb5 axb5 13. Bxb5 e6 14. dxe6 Bxe6 15. Qf3 d5
16. Bxc5 dxe4 17. Qe3 Nd5 18. Nxd5 Qxd5 19. Bxf8 Bxf8 20. Bxe8 Bb4+ 21. Kf1 Bc5
22. Qc3 Rxe8 23. Rc1 e3 24. Rh2 Qe4 25. Ne2 Bb4 26. Qd4 Qf3+ 27. Kg1 Bd2 28. Rf1
Qg4+ 29. Rg2 Qxh4 30. Ng3 Bf5 31. Nxf5 gxf5 32. Qd3 Be1 33. Qe2 Bg3 34. Qf3 Bf2+
35. Rgxf2 exf2+ 36. Rxf2 Rc8 37. Kg2 Rc1 38. Rf1 Rc2+ 1/2-1/2

[Event "Qatar Masters Open 2023"]
[Site "Doha QAT"]
[Date "2023.10.19"]
[Round "8.29"]
[White "Gagare, Shardul"]
[Black "Visakh, N R"]
[Result "1/2-1/2"]
[WhiteTitle "GM"]
[BlackTitle "GM"]
[WhiteElo "2460"]
[BlackElo "2547"]
[WhiteFideId "5037883"]
[BlackFideId "25012223"]
[EventDate "2023.10.11"]

1. e4 c5 2. Nf3 d6 3. d4 cxd4 4. Nxd4 Nf6 5. Nc3 a6 6. Be3 e5 7. Nb3 Be6 8. f3
Be7 9. Qd2 O-O 10. O-O-O Nbd7 11. g4 b5 12. g5 Nh5 13. Kb1 Nb6 14. Na5 Rc8 15.
Nd5 Nxd5 16. exd5 Bxd5 17. Qxd5 Qxa5 18. c4 Nf4 19. Bxf4 exf4 20. h4 Qa4 21. Bd3
bxc4 22. Qe4 g6 23. Bc2 Qe8 24. Rde1 Rc7 25. h5 d5 26. Qe5 Qc6 27. hxg6 fxg6 28.
Rxh7 Kxh7 29. Rh1+ Kg8 30. Rh6 Bf6 31. gxf6 Rxf6 32. Bxg6 Rxg6 33. Rh8+ Kf7 34.
Rh7+ Kf8 35. Rh8+ Kf7 36. Rh7+ Kf8 37. Rh8+ Rg8 38. Qxf4+ Kg7 39. Qe5+ Kf8 40.
Qf4+ Kg7 41. Qe5+ Kf8 1/2-1/2

[Event "Qatar Masters Open 2023"]
[Site "Doha QAT"]
[Date "2023.10.19"]
[Round "8.30"]
[White "Tarhan, Adar"]
[Black "Yilmazyerli, Mert"]
[Result "0-1"]
[WhiteTitle "FM"]
[BlackTitle "GM"]
[WhiteElo "2445"]
[BlackElo "2533"]
[WhiteFideId "34544712"]
[BlackFideId "6305962"]
[EventDate "2023.10.11"]

1. e4 e5 2. Nf3 Nc6 3. Bc4 Nf6 4. d3 h6 5. O-O d6 6. a4 g5 7. c3 Bg7 8. a5 a6 9.
Re1 g4 10. Nfd2 h5 11. Nf1 h4 12. Ne3 Kf8 13. f3 g3 14. h3 Bh6 15. Rf1 Ne7 16.
d4 Kg7 17. Na3 Ng6 18. Nf5+ Bxf5 19. exf5 Nf4 20. Qb3 Qd7 21. dxe5 dxe5 22. Bxf4
Bxf4 23. Rad1 Qe7 24. Nc2 Rhd8 25. Nb4 Rxd1 26. Rxd1 e4 27. Nd5 Qc5+ 28. Kh1 Rd8
29. Rd4 Be5 30. Nxf6 Bxd4 31. Nh5+ Kh6 32. Bf1 Qxf5 33. cxd4 exf3 34. gxf3 Kxh5
35. Qe3 Re8 36. Qc3 Qf4 37. Kg2 Qe3 38. Qc2 Qf2+ 39. Qxf2 gxf2 40. Bc4 Kg5 41.
Kxf2 f6 42. Bd5 c6 43. Bc4 Kf4 44. d5 cxd5 45. Bxd5 Re5 46. Bxb7 Rxa5 47. b4
Ra2+ 48. Kf1 Kg3 49. Ke1 Kxh3 50. Kd1 Kg3 51. Kc1 h3 0-1

[Event "Qatar Masters Open 2023"]
[Site "Doha QAT"]
[Date "2023.10.19"]
[Round "8.31"]
[White "Baskin, Robert"]
[Black "Sankalp, Gupta"]
[Result "1/2-1/2"]
[WhiteTitle "IM"]
[BlackTitle "GM"]
[WhiteElo "2451"]
[BlackElo "2518"]
[WhiteFideId "24662402"]
[BlackFideId "5097010"]
[EventDate "2023.10.11"]

1. e4 e6 2. d4 d5 3. Nc3 Nf6 4. e5 Nfd7 5. f4 c5 6. Nf3 Nc6 7. Be3 a6 8. a3 b5
9. dxc5 Bxc5 10. Bxc5 Nxc5 11. Nd4 Bb7 12. Nxc6 Bxc6 13. Qd4 Qb6 14. Ne2 a5 15.
Nc1 Qa7 16. c3 O-O 17. Be2 f6 18. O-O fxe5 19. fxe5 Rxf1+ 20. Bxf1 Be8 21. Nd3
Nb3 22. Qxa7 Rxa7 23. Rd1 Rf7 24. g3 g5 25. Be2 Bd7 26. Bg4 Kf8 27. Bh5 Rf5 28.
Bg4 Rf7 29. Ne1 Ke7 30. Nf3 Nc5 31. Nd4 Rf8 32. Be2 Rb8 33. b4 Na4 1/2-1/2

[Event "Qatar Masters Open 2023"]
[Site "Doha QAT"]
[Date "2023.10.19"]
[Round "8.32"]
[White "Srihari, L R"]
[Black "Suleymenov, Alisher"]
[Result "1/2-1/2"]
[WhiteTitle "IM"]
[BlackTitle "GM"]
[WhiteElo "2438"]
[BlackElo "2512"]
[WhiteFideId "46617116"]
[BlackFideId "13707833"]
[EventDate "2023.10.11"]

1. d4 Nf6 2. c4 g6 3. g3 c6 4. Bg2 d5 5. Nf3 Bg7 6. O-O O-O 7. Ne5 dxc4 8. Nxc4
Be6 9. Ne5 Qc8 10. Nc3 Rd8 11. Qa4 Nbd7 12. Nf3 Nd5 13. Qa3 Nxc3 14. bxc3 Bc4
15. Re1 e5 16. e4 exd4 17. cxd4 c5 18. Bg5 Re8 19. Rac1 cxd4 20. Bh3 b5 21. Qd6
Ne5 22. Bxc8 Nxf3+ 23. Kg2 Nxe1+ 24. Rxe1 Raxc8 25. e5 h6 26. Be7 d3 27. Rd1 a5
28. Rd2 b4 29. f4 Bb5 30. Kh3 Bc4 31. Kg2 h5 32. Kf2 Be6 33. Ke3 Bf5 34. h3 Rc3
35. g4 hxg4 36. hxg4 Bxg4 37. Bf6 Bh6 38. Rh2 Bh5 39. Rxh5 gxh5 40. Qd7 Re6 41.
Qd8+ Bf8 42. f5 d2+ 43. Kxd2 Rec6 44. Bg5 Rc2+ 45. Kd1 Rc8 46. Qd5 R8c5 47. Qd8
Rc8 48. Qd5 R2c5 49. Qd7 R5c7 50. Qd5 Rc5 51. Qd7 R8c7 52. Qd8 Rc8 53. Qd7 R5c7
54. Qd5 1/2-1/2

[Event "Qatar Masters Open 2023"]
[Site "Doha QAT"]
[Date "2023.10.19"]
[Round "8.33"]
[White "Saydaliev, Saidakbar"]
[Black "Iniyan, P"]
[Result "0-1"]
[WhiteTitle "IM"]
[BlackTitle "GM"]
[WhiteElo "2426"]
[BlackElo "2510"]
[WhiteFideId "14203693"]
[BlackFideId "25002767"]
[EventDate "2023.10.11"]

1. e4 c5 2. Nf3 d6 3. d4 cxd4 4. Nxd4 Nf6 5. Bd3 Nc6 6. Be3 e5 7. Nxc6 bxc6 8.
c4 Ng4 9. Bc1 d5 10. Be2 Qh4 11. g3 Qh3 12. Bf1 Qh5 13. h3 Bb4+ 14. Bd2 Bc5 15.
Be2 f5 16. Kf1 O-O 17. exd5 cxd5 18. cxd5 Ba6 19. Qe1 Nxf2 20. Rh2 Qf3 0-1

[Event "Qatar Masters Open 2023"]
[Site "Doha QAT"]
[Date "2023.10.19"]
[Round "8.34"]
[White "Raahul, V S"]
[Black "Prraneeth, Vuppala"]
[Result "0-1"]
[WhiteTitle "IM"]
[BlackTitle "IM"]
[WhiteElo "2340"]
[BlackElo "2510"]
[WhiteFideId "25035525"]
[BlackFideId "46622373"]
[EventDate "2023.10.11"]

1. d4 d5 2. c4 e6 3. Nc3 h6 4. Bf4 Nf6 5. e3 Bd6 6. Be5 dxc4 7. Nf3 a6 8. a4 O-O
9. Bxc4 Nc6 10. Bxd6 Qxd6 11. O-O Qe7 12. Rc1 Rd8 13. Qe2 e5 14. d5 Na5 15. Ba2
b6 16. Qc2 Nb7 17. Ne4 Nxe4 18. Qxe4 Re8 19. Qc2 e4 20. Ne1 Bd7 21. f3 Rac8 22.
Bb1 Nc5 23. b4 Bxa4 24. Qa2 exf3 25. Rxf3 Bb3 26. Qd2 Ne4 27. Qd3 Qxb4 28. d6
cxd6 29. Rxc8 Rxc8 30. Qxe4 Qxe1+ 31. Rf1 Qc3 32. h4 Be6 33. Rf2 Qe5 0-1

[Event "Qatar Masters Open 2023"]
[Site "Doha QAT"]
[Date "2023.10.19"]
[Round "8.35"]
[White "Bharath, Subramaniyam H"]
[Black "Tan, Jun Ying"]
[Result "1/2-1/2"]
[WhiteTitle "GM"]
[BlackTitle "CM"]
[WhiteElo "2500"]
[BlackElo "2250"]
[WhiteFideId "46634827"]
[BlackFideId "5710413"]
[EventDate "2023.10.11"]

1. d4 d5 2. Bf4 c6 3. e3 Qb6 4. Qc1 Bf5 5. Nf3 Nf6 6. Be2 Nbd7 7. O-O e6 8. c4
Be7 9. Nc3 O-O 10. c5 Qd8 11. b4 Nh5 12. Be5 Nhf6 13. Bg3 Nh5 14. Be5 Nhf6 15.
a4 Bg4 16. Bg3 Nh5 17. Nd2 Nxg3 18. hxg3 Bxe2 19. Nxe2 e5 20. Qc3 Qc7 21. b5
Rfe8 22. Qd3 Bf6 23. Nb3 g6 24. Nc3 Kg7 25. a5 a6 26. bxc6 bxc6 27. Na4 e4 28.
Qe2 h5 29. Nb6 Ra7 30. Nd2 Nf8 31. Rae1 Ne6 32. f4 exf3 33. Qxf3 Bg5 34. Nb1 Qd8
35. Nc3 f5 36. Qd1 Rae7 37. Qa4 Qc7 38. Rf3 Rd8 39. Na2 Bf6 40. Qd1 Rde8 41. Nb4
Nxd4 42. Rf4 Ne6 43. Rff1 Bc3 44. N6xd5 cxd5 45. Nxd5 Qxc5 46. Nxe7 Bxe1 47.
Nxf5+ gxf5 48. Rxe1 Kg6 49. Qe2 Qxa5 50. e4 f4 51. e5 Qc5+ 52. Kh1 Qb4 53. Qd3+
Kh6 54. Rb1 Qe7 55. Rb6 fxg3 56. Qxg3 Qg5 57. Qc3 Kg7 58. Rxa6 Qh4+ 59. Kg1 Qd4+
60. Qxd4 Nxd4 61. Kh2 Rxe5 62. Ra4 Re4 63. Kh3 Kg6 64. Ra6+ Kg5 65. Ra8 Rh4+ 66.
Kg3 Nf5+ 67. Kf2 Rf4+ 68. Kg1 Rg4 69. Kf2 Kh4 70. Ra3 Ng3 71. Kg1 Ne4 72. Kh2
Rg3 73. Ra8 Rb3 74. Rf8 Kg4 75. Rg8+ Ng5 76. Ra8 Re3 77. Ra4+ Re4 78. Ra2 h4 79.
Ra8 Re2 80. Ra4+ Ne4 81. Ra3 Ng3 82. Ra4+ Re4 83. Ra8 Nf1+ 84. Kg1 Ne3 85. Kh2
Rd4 86. Rg8+ Kh5 87. Kh3 Nf5 88. Rh8+ Kg5 89. Rg8+ Kf6 90. Ra8 Rd3+ 91. Kh2 Kg5
92. Rg8+ Kf4 93. Rf8 Rg3 94. Rh8 Ra3 95. Rf8 Ra2 96. Kh3 Ra1 97. Kh2 Rb1 98. Ra8
Rd1 99. Rf8 Rd2 100. Kh3 Rd3+ 101. Kh2 Rd5 102. Ra8 Nh6 103. Ra4+ Kg5 104. g3
Ng4+ 105. Kh3 Nf2+ 106. Kg2 hxg3 107. Kxg3 Nd3 108. Kf3 Nc5 109. Ra8 Rd3+ 110.
Ke2 Rc3 111. Rf8 Ne6 112. Rf7 Nd4+ 113. Kd2 Ra3 114. Rf8 Nf5 115. Re8 Kf4 116.
Kc2 Nd6 117. Rh8 Ke4 118. Rh4+ Kd5 119. Rh8 Re3 120. Ra8 Kc4 121. Ra4+ Kb5 122.
Ra8 Kb4 123. Rd8 Ne4 124. Rc8 Nc5 125. Kd2 Re7 126. Rh8 Nb3+ 127. Kd3 Rd7+ 128.
Ke3 Kc4 129. Rh4+ Nd4 130. Re4 Kc3 131. Re5 Rg7 132. Rc5+ Kb4 133. Rc8 Nb3 134.
Kd3 Rd7+ 135. Ke3 Nc5 136. Rh8 Kc4 137. Re8 Kc3 138. Re5 Nd3 139. Re8 Nb2 140.
Ke4 Rd4+ 141. Kf5 Nc4 142. Kf6 1/2-1/2

[Event "Qatar Masters Open 2023"]
[Site "Doha QAT"]
[Date "2023.10.19"]
[Round "8.36"]
[White "Rasulov, Vugar"]
[Black "Abdurakhmonov, Mukhammadali"]
[Result "1/2-1/2"]
[WhiteTitle "GM"]
[BlackTitle "IM"]
[WhiteElo "2560"]
[BlackElo "2405"]
[WhiteFideId "13402390"]
[BlackFideId "14207346"]
[EventDate "2023.10.11"]

1. e4 c5 2. Nf3 d6 3. d4 cxd4 4. Qxd4 a6 5. Be2 Nc6 6. Qe3 Nf6 7. O-O g6 8. h3
Bg7 9. Rd1 Nd7 10. c4 Qb6 11. Qd2 Nc5 12. Nc3 Qa5 13. Qe3 Bxc3 14. bxc3 Na4 15.
Bf1 Be6 16. Qe1 O-O 17. Rb1 Rab8 18. Rb3 Nc5 19. Ra3 Qc7 20. Nd4 Bd7 21. Nc2 e5
22. Ne3 Ne7 23. f3 Rbd8 24. h4 f6 25. h5 g5 26. h6 Kh8 27. Bd3 Be6 28. Bc2 Ng8
29. g4 Nxh6 30. Rd2 Ng8 31. Rh2 h6 32. Kg2 Kg7 33. Nd5 Qf7 34. Be3 Rc8 35. Qb1
Bxd5 36. exd5 Ne7 37. Rxh6 e4 38. Rh2 exf3+ 39. Kxf3 Ng6 40. Bxg6 Qxg6 41. Qxg6+
Kxg6 42. Bd4 f5 43. gxf5+ Rxf5+ 44. Ke3 g4 45. Kd2 Ne4+ 46. Kc2 g3 47. Rh4 Nf2
48. Rb3 b5 49. cxb5 axb5 50. Rxb5 Kg5 51. Rh7 Kg4 52. a4 Ne4 53. Rg7+ Kf3 54. a5
g2 55. a6 Rff8 56. a7 Ng3 57. Rbb7 Nf5 58. Rbf7 Ke4 59. Bg1 Nxg7 60. Rxg7 Kf3
61. Kb3 Rce8 62. Kc4 Re1 63. Bd4 Ree8 64. Kb5 Rc8 65. Kb6 Ke4 66. Rxg2 Kxd5 67.
Kb7 Kc4 68. Rg4 Kb5 69. Rg5+ Kc4 70. Ra5 Ra8 71. Ra4+ Kd3 72. Ra6 d5 73. Ra5 Ke4
74. Rc5 Rae8 75. Rc7 Kd3 76. Kc6 Ke4 77. Rh7 Rc8+ 78. Kb7 Kd3 79. Be5 Rce8 80.
Bd4 Kc4 81. Rd7 Rg8 82. Rc7+ Kd3 83. Kc6 Ke4 84. Bb6 Rg6+ 85. Kb7 Rgg8 86. Rd7
Kd3 87. Bd4 Kc4 88. Rd6 Re7+ 89. Ka6 Rg2 90. Rc6+ Kd3 91. Rh6 Ra2+ 92. Kb5 Raxa7
93. Rh3+ Kc2 1/2-1/2

[Event "Qatar Masters Open 2023"]
[Site "Doha QAT"]
[Date "2023.10.19"]
[Round "8.37"]
[White "Bellahcene, Bilel"]
[Black "Mohammad Fahad, Rahman"]
[Result "1/2-1/2"]
[WhiteTitle "GM"]
[BlackTitle "IM"]
[WhiteElo "2520"]
[BlackElo "2396"]
[WhiteFideId "696358"]
[BlackFideId "10207791"]
[EventDate "2023.10.11"]

1. d4 d5 2. c4 e6 3. Nf3 Nf6 4. Nc3 c6 5. g3 dxc4 6. Bg2 b5 7. O-O a6 8. Ne5 Bb7
9. b3 b4 10. Na4 c3 11. Nc4 a5 12. e4 Be7 13. e5 Nd5 14. Qg4 Kf8 15. h4 h5 16.
Qf3 Nd7 17. Nd6 Bxd6 18. exd6 Ba6 19. Re1 Kg8 20. Nc5 Nf8 21. a3 Qxd6 22. axb4
Nxb4 23. Qxc3 Bb5 24. Ba3 Rd8 25. Bb2 Nd5 26. Qxa5 Qc7 27. Qxc7 Nxc7 28. Ra7 Nd5
29. Rea1 Nf6 30. Bf3 N8d7 31. Nb7 Rb8 32. Nd6 Bd3 33. R1a3 Bg6 34. Bxc6 Nb6 35.
R3a6 Nbd5 36. Ba4 Ne4 37. Nxe4 Bxe4 38. Ba3 Nc3 39. Bd6 Rc8 40. Bc5 Nxa4 41.
Rxa4 g5 42. hxg5 h4 43. Kh2 Rh5 44. gxh4 Rxh4+ 45. Kg3 Rh1 46. Ra1 Rh5 47. b4
Kg7 48. Kf4 Rh4+ 49. Ke3 Bd5 50. f3 Kg6 51. Rd7 Rh3 52. Rf1 Bc6 53. Ra7 Rg3 54.
Ra5 Rxg5 55. b5 Bd5 56. b6 Rb8 57. Raa1 f6 58. Ra5 Rb7 59. Rf2 Rg1 60. Rb5 Rd7
61. Rbb2 Rc1 62. Rbc2 Rb1 63. Kf4 Rh7 64. Rg2+ Kf7 65. Bd6 Rh4+ 66. Rg4 Rxg4+
67. fxg4 Rxb6 68. Rc7+ Kg6 69. Bf8 Rb7 70. Rxb7 Bxb7 1/2-1/2

[Event "Qatar Masters Open 2023"]
[Site "Doha QAT"]
[Date "2023.10.19"]
[Round "8.38"]
[White "Samant, Aditya S"]
[Black "Song, Yuxin"]
[Result "1-0"]
[WhiteTitle "IM"]
[BlackTitle "WIM"]
[WhiteElo "2511"]
[BlackElo "2404"]
[WhiteFideId "35080580"]
[BlackFideId "8614300"]
[EventDate "2023.10.11"]

1. e4 c5 2. Nf3 d6 3. d4 cxd4 4. Nxd4 Nf6 5. Nc3 a6 6. h3 e5 7. Nb3 Be6 8. f4
Nbd7 9. f5 Bxb3 10. axb3 d5 11. exd5 Bb4 12. Bd2 O-O 13. Qe2 Bxc3 14. bxc3 Nxd5
15. c4 Ne7 16. Qf2 Nc6 17. Bd3 Nd4 18. Bc3 Nc5 19. Bxd4 exd4 20. O-O Qf6 21. b4
Nxd3 22. cxd3 Rfe8 23. Rae1 Qb6 24. f6 Qxf6 25. Qxf6 gxf6 26. Rxe8+ Rxe8 27. Rf4
Re1+ 28. Kf2 Rb1 29. Rxd4 Rxb4 30. Rd8+ Kg7 31. Ke3 Rb2 32. Rb8 f5 33. c5 Rxg2
34. Rxb7 Rg3+ 35. Kd4 Kf6 36. Rb6+ Ke7 37. Rxa6 f4 38. Ra7+ Ke6 39. Ra6+ Ke7 40.
h4 f3 41. Ra1 Rg4+ 42. Kd5 Rxh4 43. d4 Rh5+ 44. Kc6 f2 45. d5 Rf5 46. d6+ Ke6
47. Rf1 h5 48. Kb6 h4 49. c6 Rd5 50. d7 Rxd7 51. cxd7 Kxd7 52. Kc5 Ke6 53. Kd4
Kf5 54. Ke3 Kg4 55. Kxf2 Kh3 56. Kg1 1-0

[Event "Qatar Masters Open 2023"]
[Site "Doha QAT"]
[Date "2023.10.19"]
[Round "8.39"]
[White "Panda, Sambit"]
[Black "Dai, Changren"]
[Result "1/2-1/2"]
[WhiteTitle "IM"]
[BlackTitle "GM"]
[WhiteElo "2395"]
[BlackElo "2507"]
[WhiteFideId "25091794"]
[BlackFideId "8608156"]
[EventDate "2023.10.11"]

1. d4 d5 2. c4 e6 3. Nf3 Nf6 4. Nc3 c6 5. Bg5 h6 6. Bxf6 Qxf6 7. e3 g6 8. Ne5
Nd7 9. f4 Bg7 10. Bd3 O-O 11. h4 c5 12. Qd2 dxc4 13. Bxc4 Nb6 14. Bb3 cxd4 15.
exd4 Nd5 16. g3 Nxc3 17. bxc3 b5 18. h5 Bb7 19. Rh2 gxh5 20. Bc2 Rfc8 21. Rxh5
Qe7 22. Kf2 Qc7 23. Rc1 Kf8 24. Bd3 b4 25. c4 Qd6 26. Be2 Be4 27. c5 Qd8 28. Bf3
Bxf3 29. Nxf3 Rab8 30. Qe3 Qa5 31. Qb3 Rd8 32. Rc4 Qb5 33. g4 Qb7 34. c6 Qc7 35.
Qe3 a5 36. f5 a4 37. fxe6 b3 38. axb3 Re8 39. Rf5 axb3 40. Rxf7+ Qxf7 41. exf7
Rxe3 42. Kxe3 b2 43. Nd2 Kxf7 44. Kd3 Bf8 45. Kc2 Ke6 46. c7 Rc8 47. Kxb2 Bd6
48. Ne4 Bf4 49. Nc3 Bxc7 50. Kc2 Rd8 51. Kd3 Kd7 52. Nd5 Bd6 53. Ke4 Re8+ 54.
Kf5 Rf8+ 55. Ke4 Re8+ 56. Kd3 Re1 57. Nf6+ Ke6 58. Ne4 Bf4 59. Rc6+ Kd7 60. d5
Rd1+ 61. Kc4 Rc1+ 62. Kb5 Rb1+ 63. Ka6 Rd1 64. Kb7 Rb1+ 65. Rb6 Rxb6+ 66. Kxb6
Be3+ 67. Kb5 Bc1 68. Kc4 Bf4 69. Kd4 Ke7 70. Kc5 Kd7 71. Nf6+ Ke7 72. Ne4 Kd7
73. Kd4 Ke7 74. Kd3 Kf7 75. Nc5 Kg6 76. Ke4 Bd6 77. Nd7 Kg5 78. Ne5 Ba3 79. Nc4
Bb4 80. Ne3 Bc5 81. Nf5 Kxg4 82. Nxh6+ Kg5 83. Nf5 Kf6 84. Nd4 Ke7 85. Nf5+ Kd7
86. Ke5 Ba3 87. d6 Bxd6+ 88. Nxd6 1/2-1/2

[Event "Qatar Masters Open 2023"]
[Site "Doha QAT"]
[Date "2023.10.19"]
[Round "8.40"]
[White "Arhan, Chethan Anand"]
[Black "Chanda, Sandipan"]
[Result "0-1"]
[WhiteTitle "FM"]
[BlackTitle "GM"]
[WhiteElo "2395"]
[BlackElo "2496"]
[WhiteFideId "45062510"]
[BlackFideId "5004225"]
[EventDate "2023.10.11"]

1. d4 f5 2. Nc3 Nf6 3. Bg5 d5 4. Bxf6 exf6 5. e3 Be6 6. Bd3 Nc6 7. Nge2 Qd7 8.
a3 g5 9. Na4 b6 10. b3 Na5 11. Nb2 O-O-O 12. c4 dxc4 13. bxc4 f4 14. Qc2 Kb8 15.
O-O h5 16. d5 Bg4 17. f3 Bc5 18. Nd1 Be6 19. Kh1 fxe3 20. Ndc3 Bf7 21. Bf5 Qe7
22. Ne4 c6 23. Rab1 cxd5 24. Nxc5 Qxc5 25. Rb5 Qc6 26. Rxa5 bxa5 27. c5 Ka8 28.
Nd4 Qc7 29. Nb5 Qe5 30. Rb1 Rb8 31. Bd7 Be8 32. Qd3 Bxd7 33. Qxd5+ Rb7 34. Nc7+
Qxc7 35. Rxb7 Qxb7 0-1

[Event "Qatar Masters Open 2023"]
[Site "Doha QAT"]
[Date "2023.10.19"]
[Round "8.41"]
[White "Bai, Adelard"]
[Black "Xiao, Tong(QD)"]
[Result "0-1"]
[WhiteTitle "FM"]
[WhiteElo "2395"]
[BlackElo "2476"]
[WhiteFideId "16301188"]
[BlackFideId "8622388"]
[EventDate "2023.10.11"]

1. d4 Nf6 2. c4 e6 3. Nf3 d5 4. g3 Bb4+ 5. Bd2 Be7 6. Bg2 O-O 7. Qc2 c6 8. Bf4
b6 9. h4 Bb7 10. Nc3 Nbd7 11. e4 dxe4 12. Ng5 Bb4 13. Nxe4 Nxe4 14. Qxe4 Ba6 15.
Qe2 Nf6 16. O-O-O Bxc3 17. bxc3 Nd5 18. Bd2 Qd6 19. Kb2 c5 20. Bf1 cxd4 21. cxd4
Rac8 22. Rc1 Nf6 23. Qe5 Qxe5 24. dxe5 Ng4 25. f4 Rfd8 26. Rc2 Bb7 27. Rg1 Be4
28. Be2 Bxc2 29. Kxc2 Nf2 30. a4 Ne4 31. Be3 Nc5 32. Ra1 Nb7 33. h5 Rc7 34. Kc3
Na5 35. Rc1 Nc6 36. Bf3 Ne7 37. g4 Nd5+ 38. Bxd5 exd5 39. Kb4 Rdc8 0-1

[Event "Qatar Masters Open 2023"]
[Site "Doha QAT"]
[Date "2023.10.19"]
[Round "8.42"]
[White "Lee, Jun Hyeok"]
[Black "Stany, G.A."]
[Result "1/2-1/2"]
[WhiteTitle "IM"]
[BlackTitle "GM"]
[WhiteElo "2362"]
[BlackElo "2469"]
[WhiteFideId "13202340"]
[BlackFideId "5029104"]
[EventDate "2023.10.11"]

1. d4 Nf6 2. c4 e6 3. Nf3 d5 4. Nc3 Be7 5. cxd5 exd5 6. Bf4 c6 7. e3 Bf5 8. Nh4
Bg4 9. Qc2 Nh5 10. h3 Be6 11. Nf3 Bd6 12. Bxd6 Qxd6 13. Bd3 Nd7 14. O-O g6 15.
b4 O-O 16. Rab1 Ng7 17. Qd2 Bf5 18. Bxf5 Nxf5 19. e4 dxe4 20. Nxe4 Qd5 21. Rfe1
Rae8 22. Ne5 f6 23. Nc3 Qd6 24. Ne4 Qd5 25. Nc3 Qd6 26. Ne4 Qd5 1/2-1/2

[Event "Qatar Masters Open 2023"]
[Site "Doha QAT"]
[Date "2023.10.19"]
[Round "8.43"]
[White "Aaryan, Varshney"]
[Black "Chen, Qi b"]
[Result "1/2-1/2"]
[WhiteTitle "FM"]
[BlackTitle "IM"]
[WhiteElo "2339"]
[BlackElo "2465"]
[WhiteFideId "45048975"]
[BlackFideId "8614733"]
[EventDate "2023.10.11"]

1. d4 Nf6 2. c4 g6 3. Nc3 d5 4. cxd5 Nxd5 5. e4 Nxc3 6. bxc3 Bg7 7. Bc4 c5 8.
Ne2 Nc6 9. Be3 O-O 10. O-O b6 11. Qd2 Bb7 12. Rfd1 Rc8 13. Rac1 e6 14. f3 cxd4
15. cxd4 Na5 16. Bd3 Qd7 17. Qb4 Rxc1 18. Rxc1 Rc8 19. Rxc8+ Qxc8 20. Qc3 Qd7
21. Kf2 Nc6 22. Qc4 Na5 23. Qc3 Nc6 24. Qc4 Na5 25. Qc3 Nc6 26. Qc4 Na5 27. Qc3
Nc6 28. Qc4 Na5 29. Qc3 Nc6 30. Qc4 Na5 1/2-1/2